Statistics for World Capitals Furthest from Foreign Territory - Continental Version

Click here to take the quiz!

General Stats

  • This quiz has been taken 31 times
  • The average score is 13 of 18

Answer Stats

kmContinentCapital% Correct
1,054South AmericaBrasilia
100%
731North AmericaMexico City
97%
1,863OceaniaCanberra
93%
470North AmericaWashington
93%
351South AmericaBogota
86%
511South AmericaLima
86%
401EuropeMoscow
86%
560AsiaBeijing
83%
317AfricaCairo
79%
319South AmericaSucre
76%
397AfricaAddis Ababa
69%
400AsiaRiyadh
69%
355AfricaAbuja
62%
553AfricaCape Town
62%
373AfricaKhartoum
62%
358AfricaDodoma
48%
321AfricaMogadishu
41%
465AsiaAnkara
38%

Score Distribution

Percentile by Number Answered

Percent of People with Each Score

Your Score History

You have not taken this quiz